| 000 | 00000nam##2200000za#4500 |
| 001 | 9.648265 |
| 003 | CaOODSP |
| 005 | 20200401080544 |
| 007 | ta |
| 008 | 150407|1997||||xxc||||| f|0| 0 eng|d |
| 020 | |a0-662-30865-4 |
| 040 | |aCaOODSP|beng |
| 043 | |an-cn--- |
| 086 | 1 |aE2-407/1997E |
| 110 | 1 |aCanada.|bForeign Affairs and International Trade. |bCanadian Centre for Foreign Policy Development. |
| 245 | 10|aRoundtable on Nigeria : |brecommendations for the Commonwealth Ministerial Action Group (CMAG) / |cby Nasreen Bhimani and John Harker. |
| 260 | |aOttawa - Ontario : |bForeign Affairs and International Trade. |c1997. |
| 300 | |a10p. in various pagings. ; |c28 cm. |
| 563 | |aSoftcover |
| 590 | |a02-34|b2002-08-23 |
| 690 | 07|aCommonwealth|2gcpds |
| 690 | 07|aForeign policy|2gcpds |
| 690 | 07|aGuidelines|2gcpds |
| 690 | 07|aMeetings|2gcpds |
| 720 | 1 |aHarker, John |
| 720 | 1 |aBhimani, Nasreen |
| 776 | 0#|tRoundtable on Nigeria (February 10, 1997) : |w(CaOODSP)9.686230 |